Score 0/20 Timer 05:00
2 Plays Today
% Correct
Happy Days
89.7%
The Big Bang Theory
89.4%
Gilligan's Island
87.9%
The Addams Family
83.3%
The Beverly Hillbillies
83.3%
Phil of the Future
75%
Family Guy
74.4%
The Jeffersons
74.2%
The Brady Bunch
74%
Friends
72.6%
% Correct
The Golden Girls
70.4%
The Apprentice (U.S.)
67.5%
The Fresh Prince of Bel-Air
65.6%
Cheers
63.8%
The Greatest American Hero
59.8%
Sesame Street
59%
Three's Company
58.5%
Full House
57.7%
Welcome Back Kotter
35.9%
Arthur
32.3%

You're not logged in!

Compare scores with friends on all Sporcle quizzes.
OR
Log In

Sporcle TV

Today on Sporcle TV


Watch our educational content, quiz creation guides, and fun videos on Sporcle TV.

Show Comments

Extras

Top Quizzes Today


Score Distribution

Your Account Isn't Verified!

In order to create a playlist on Sporcle, you need to verify the email address you used during registration. Go to your Sporcle Settings to finish the process.

Report this User

Report this user for behavior that violates our Community Guidelines.

Details: